Largest U.S. Cities Above 70 m Elevation - Statistics

General Stats
  • This quiz has been taken 35 times
  • The average score is 23 of 27
Answer Stats
Population (M) Answer % Correct
2.99 Denver
97%
9.41 Chicago
93%
7.69 Dallas
93%
13.1 † Los Angeles
93%
3.66 Minneapolis
93%
2.17 Kansas City
90%
2.32 Las Vegas
90%
5.06 Phoenix
90%
2.68 Charlotte
87%
2.23 Cincinnati
87%
2.04 Cleveland
87%
4.30 Detroit
87%
1.96 Nashville
87%
1.43 Oklahoma City
87%
2.31 Pittsburgh
87%
2.14 Columbus
83%
1.24 Salt Lake City
83%
2.81 St. Louis
83%
6.09 Atlanta
80%
2.09 Indianapolis
80%
1.35 † Memphis
80%
2.59 San Antonio
80%
1.13 Buffalo
73%
1.27 Louisville
73%
2.30 Austin
70%
1.42 † Raleigh
70%
1.58 Milwaukee
67%
No matching quizzes found
Score Distribution
Percent of People with Each Score
Percentile by Number Answered
Your Score History
You have not taken this quiz